Arithmetique des algebres de quaternions
Αποθηκεύτηκε σε:
| Κύριος συγγραφέας: | |
|---|---|
| Μορφή: | Βιβλίο |
| Γλώσσα: | English |
| Δημοσίευση: |
Berlin ; New York :
Springer-Verlag,
1980.
|
| Σειρά: | Lecture notes in mathematics (Springer-Verlag)
800 |
| Θέματα: | |
| Ετικέτες: |
Προσθήκη ετικέτας
Δεν υπάρχουν, Καταχωρήστε ετικέτα πρώτοι!
|
MARC
| LEADER | 00000nam a2200000 a 4500 | ||
|---|---|---|---|
| 001 | 1/111934 | ||
| 008 | 160916s1980####gw | ||| |||| ||eng|| | ||
| 020 | |a 9783540099833 | ||
| 040 | |a GR-MyUa |b gre |c GR-MyUa |e AACR2 | ||
| 041 | 0 | |a eng | |
| 082 | 7 | |a 512.5 |2 (23) | |
| 100 | 1 | |a Vigneras, Marie France |d 1946- | |
| 245 | 1 | 0 | |a Arithmetique des algebres de quaternions / |c Marie-France Vigneras. |
| 260 | |a Berlin ; New York : |b Springer-Verlag, |c 1980. | ||
| 300 | |a vii, 169 σ. : |b σχέδια ; |c 26 εκ. | ||
| 490 | 1 | |a (Lecture notes in mathematics ; |v 800) | |
| 504 | |a Βιβλιογραφία: σ. [157]-164. Ευρετήριο. | ||
| 650 | 0 | |a Quaternions | |
| 830 | 0 | |a Lecture notes in mathematics (Springer-Verlag) |v 800 | |
| 852 | |a INST |b SAMOS |e 20160916 |h 512.5 VIG |p 005300043789 |q 005300043789 |t BK |y 0 | ||
| 922 | |a 3ΕΛΗ |b 201607 |c Τμήμα Μαθηματικών |d Δρές | ||
| 970 | |a Κοσιέρης |b Χρήστος |z 16-09-2016 | ||